| 000 | 00870nam a2200241 a 4500 | ||
|---|---|---|---|
| 008 | 120416s1985 ||||||||||||||||| || u | ||
| 020 | _a0531100367 | ||
| 050 | _aTK 7887.5 Her | ||
| 100 | _aHerda, D. J | ||
| 245 | 1 | 0 | _aComputer peripherals |
| 260 |
_aNew York : _bFranklin Watts _c1985 |
||
| 300 | _a84 p. : ill. | ||
| 350 | _a0.00 | ||
| 490 | _aA Computer-awareness first book | ||
| 650 | _aCOMPUTER PERIPHERALS | ||
| 650 | _aCOMPUTER INPUT--OUTPUT EQUIPMENT | ||
| 650 | _aCOMPUTER STORAGE DEVICES--JUVENILE LITERATURE | ||
| 650 | _aModems - Juvenile literature | ||
| 650 | _aCOMPUTER INPUT--OUTPUT EQUIPMENT--JUVENILE LIITERATURE | ||
| 650 | _aCOMPUTER STORAGE DEVICES | ||
| 650 | _aModems | ||
| 995 |
_D0.00 _FCBU-MAIN LIBRARY (Kitwe) _H1 _I22.25 _M1 _UAVAILABLE _ZMain Library Open Access Collection |
||
| 999 |
_c38248 _d38248 |
||